Alternatívne financovanie digitálnych verejných priestorov

Digitálne verejné priestory ako miesta prístupu k digitálnym technológiám, ktoré ľuďom umožňujú prístup k informáciám, učeniu, vzdelávaniu, rozvoju a komunikácii a tým prispievajú k rozvoju ich digitálnych zručností. Financovanie digitálnych verejných priestorov. Alternatívne zdroje financovania dig...

Descrizione completa

Salvato in:
Dettagli Bibliografici
Autore principale: Hudák, Matej, 1984-
Altri autori: Pachta, Miloš
Natura: Capitolo di libro
Lingua:slovacco
Soggetti:
Tags: Aggiungi Tag
Nessun Tag, puoi essere il primo ad aggiungerne!!

MARC

LEADER 00000nla a2200000 4500
001 0238214
005 20240502073843.7
041 0 |a slo 
044 |a SK 
245 1 0 |a Alternatívne financovanie digitálnych verejných priestorov  |c Matej Hudák, Miloš Pachta 
520 |a Digitálne verejné priestory ako miesta prístupu k digitálnym technológiám, ktoré ľuďom umožňujú prístup k informáciám, učeniu, vzdelávaniu, rozvoju a komunikácii a tým prispievajú k rozvoju ich digitálnych zručností. Financovanie digitálnych verejných priestorov. Alternatívne zdroje financovania digitálnych verejných priestorov v Európe. 
610 2 0 |a zdroje finančné 
610 2 0 |a financovanie 
610 2 0 |a digitalizácia 
610 2 0 |a projekty 
610 2 0 |a granty 
100 1 |a Hudák, Matej, 1984- 
700 1 |a Pachta, Miloš